000 00243nam a22000857a 4500
008 160809b xxu||||| |||| 00| 0 eng d
100 _992
_aRohan Book Company
245 _aMaking soft toys for children
260 _aNew Delhi
_bRohan book company
_c2006
999 _c2746
_d2746